Biblioteca y Centro de Documentación

Resumen de facturación del Sistema Nacional de Salud (Registro nro. 17738)

Detalles MARC
000 -CABECERA
Longitud fija campo de control 01486nam a2200349 c 4500
001 - NÚMERO DE CONTROL
Número de control 17738
003 - IDENTIFICADOR DE NÚMERO DE CONTROL
Identificador del número de control ES-MaCES
005 - FECHA Y HORA DE LA ÚLTIMA TRANSACCIÓN
Fecha y hora de la última transacción 20141221122512.0
008 - CAMPO FIJO DE DESCRIPCIÓN FIJA--INFORMACIÓN GENERAL
Códigos de información de longitud fija   050708m 2005sp s o000 | spa d
035 ## - NÚMERO DE CONTROL DEL SISTEMA
Número de control del sistema CES20050007108m
040 ## - FUENTE DE CATALOGACIÓN
Centro catalogador de origen ES-MaCES
Lengua de catalogación spa
Centro transcriptor ES-MaCES
245 00 - MENCIÓN DE TÍTULO
Título Resumen de facturación del Sistema Nacional de Salud
Resto del título : diciembre y acumulado enero-diciembre 2004
Mención de responsabilidad, etc. Ministerio de Sanidad y Consumo, Dirección General de Farmacia y Productos Sanitarios, Subdirección General de Financiación y Uso Racional de Medicamentos y Productos Sanitarios
260 ## - PUBLICACIÓN, DISTRIBUCIÓN, ETC (PIE DE IMPRENTA)
Lugar de publicación, distribución, etc. [Madrid
Nombre del editor, distribuidor, etc. la Subdirección
Fecha de publicación, distribución, etc. 2005?]
300 ## - DESCRIPCIÓN FÍSICA
Extensión [67] h.
Dimensiones 30 cm
500 ## - NOTA GENERAL
Nota general Tít. de la cub.: Resumen de facturación de recetas médicas, diciembre 2004
541 ## - NOTA DE LA FUENTE INMEDIANTE DE ADQUISICIÓN
Forma de adquisición Gratuito
650 #4 - ASIENTO SECUNDARIO DE MATERIA--TÉRMINO DE MATERIA
Término de materia o nombre geográfico como elemento inicial asistencia médica
9 (RLIN) 30272
650 #4 - ASIENTO SECUNDARIO DE MATERIA--TÉRMINO DE MATERIA
Término de materia o nombre geográfico como elemento inicial farmacias
9 (RLIN) 30795
650 #4 - ASIENTO SECUNDARIO DE MATERIA--TÉRMINO DE MATERIA
Término de materia o nombre geográfico como elemento inicial prestaciones farmacéuticas
9 (RLIN) 31050
650 #4 - ASIENTO SECUNDARIO DE MATERIA--TÉRMINO DE MATERIA
Término de materia o nombre geográfico como elemento inicial distribución del gasto
9 (RLIN) 30938
650 #4 - ASIENTO SECUNDARIO DE MATERIA--TÉRMINO DE MATERIA
Término de materia o nombre geográfico como elemento inicial España
9 (RLIN) 26964
650 #4 - ASIENTO SECUNDARIO DE MATERIA--TÉRMINO DE MATERIA
Término de materia o nombre geográfico como elemento inicial Comunidades Autónomas
9 (RLIN) 30768
650 #4 - ASIENTO SECUNDARIO DE MATERIA--TÉRMINO DE MATERIA
Término de materia o nombre geográfico como elemento inicial 2004
9 (RLIN) 31739
650 #4 - ASIENTO SECUNDARIO DE MATERIA--TÉRMINO DE MATERIA
Término de materia o nombre geográfico como elemento inicial datos estadísticos
9 (RLIN) 30765
653 10 - TÉRMINO DE INDEXACIÓN--NO CONTROLADO
Término no controlado Estadísticas económico-sociales
710 1# - ENCABEZAMIENTO SECUNDARIO--NOMBRE CORPORATIVO
Nombre de entidad o nombre de jurisdicción como elemento inicial España
Unidad subordinada Dirección General de Farmacia y Productos Sanitarios
9 (RLIN) 2794
740 02 - ENCABEZAMIENTO SECUNDARIO--TÍTULO ANALÍTICO/RELACIONADO NO CONTROLADO
Título relacionado o analítico no controlado Resumen facturación de recetas médicas, diciembre 2004
787 0# - ENTRADA DE OTRAS ESPECIFICACIONES
Título Resumen de facturación del Sistema Nacional de Salud
Número de control del registro relacionado (ES-MaCES)16602
902 ## - CES. TIPO DE DOCUMENTO
Tipodoc (006$c Sirtex) DOC Literatura gris
942 ## - ELEMENTOS KOHA
Fuente de clasificaión o esquema Clasificación propia del CES
Koha [por defecto] tipo de item Monografías
Parte de clasificación 8.2.
Existencias
Número de registro Signatura completa Tipo de item de Koha
061291 DOC-8.2.-62 Monografías
© CES, Consejo Económico y Social de España 2021